[Event "Kuwait Rapid op 1st"]
[Site "Kuwait City"]
[Date "2025.01.10"]
[Round "9"]
[White "Adly, Ibrahim"]
[Black "Qutaiba, Sadeq Yair Almajboo"]
[Result "0-1"]
[WhiteElo "1790"]
[BlackElo "1773"]
[PlyCount "56"]
[EventDate "2025.01.09"]
[EventType "swiss (rapid)"]
[EventRounds "9"]
[EventCountry "KUW"]
[SourceTitle "CB03_2025"]
[SourceDate "2025.01.15"]
[SourceVersion "1"]
[SourceVersionDate "2025.01.15"]
[SourceQuality "1"]

1. e4 d5 2. exd5 Qxd5 3. Nc3 Qa5 4. Nf3 Nf6 5. b4 Qh5 6. Be2 Bg4 7. 0-0 e6 8. h3 Bxh3 9. gxh3 Qxh3 10. Nh2 Bd6 11. f4 Qg3+ 12. Kh1 Bxf4 13. Rf2 Qxf2 14. Nf1 h5 15. Bf3 Ng4 16. Qe2 Qh4+ 17. Kg1 Nc6 18. Bxc6+ bxc6 19. d3 Be5 20. Bd2 Bd4+ 21. Kg2 Rd8 22. Re1 Bxc3 23. Bxc3 Rd5 24. Bd2 Rf5 25. Be3 Nxe3+ 26. Qxe3 Rh6 27. Ng3 Rg6 28. Rh1 Qg4 0-1

[Event "Kuwait Rapid op 1st"]
[Site "Kuwait City"]
[Date "2025.01.10"]
[Round "7"]
[White "Albalawi, Sultan Qalit"]
[Black "Qutaiba, Sadeq Yair Almajboo"]
[Result "0-1"]
[WhiteElo "1662"]
[BlackElo "1773"]
[PlyCount "70"]
[EventDate "2025.01.09"]
[EventType "swiss (rapid)"]
[EventRounds "9"]
[EventCountry "KUW"]
[SourceTitle "CB03_2025"]
[SourceDate "2025.01.15"]
[SourceVersion "1"]
[SourceVersionDate "2025.01.15"]
[SourceQuality "1"]

1. e4 d5 2. exd5 Qxd5 3. Nc3 Qa5 4. d4 Nf6 5. Bc4 Nc6 6. Nf3 Bg4 7. Be3 e6 8. 0-0 Bd6 9. h3 h5 10. Be2 0-0-0 11. a3 Qf5 12. Qd2 Bxh3 13. Nh4 Qh7 14. gxh3 Ne4 15. Qd3 f5 16. Bf3 g5 17. Nxe4 gxh4 18. Nc5 Bxc5 19. Bxc6 bxc6 20. Qa6+ Kb8 21. dxc5 f4 22. Bxf4 Qf5 23. Bxc7+ Kxc7 24. Qxa7+ Kc8 25. Qa8+ Kd7 26. Rad1+ Ke7 27. Qb7+ Kf6 28. Kh2 Rxd1 29. Rxd1 Qxf2+ 30. Kh1 Qf3+ 31. Kh2 Qxd1 32. Qxc6 Qe2+ 33. Kh1 Qf1+ 34. Kh2 Rg8 35. Qh1 Qf2+ 0-1

[Event "Kuwait Rapid op 1st"]
[Site "Kuwait City"]
[Date "2025.01.09"]
[Round "3"]
[White "Ceonal, Roy Xavier"]
[Black "Qutaiba, Sadeq Yair Almajboo"]
[Result "0-1"]
[WhiteElo "1522"]
[BlackElo "1773"]
[PlyCount "96"]
[EventDate "2025.01.09"]
[EventType "swiss (rapid)"]
[EventRounds "9"]
[EventCountry "KUW"]
[SourceTitle "CB03_2025"]
[SourceDate "2025.01.15"]
[SourceVersion "1"]
[SourceVersionDate "2025.01.15"]
[SourceQuality "1"]

1. e4 d5 2. exd5 Qxd5 3. Nc3 Qa5 4. d4 Nf6 5. Bd2 Nc6 6. Ne4 Qd5 7. Nxf6+ exf6 8. c3 Bd6 9. Nf3 Bg4 10. Be2 0-0-0 11. h3 Qh5 12. Qc2 Rde8 13. Be3 Bf5 14. Bd3 Bxd3 15. Qxd3 h6 16. d5 Ne5 17. Nxe5 Qxe5 18. 0-0-0 a6 19. Rhe1 Qe4 20. Qxe4 Rxe4 21. Bd4 Rhe8 22. Rxe4 Rxe4 23. Kd2 Kd7 24. g3 c5 25. dxc6+ Kxc6 26. Re1 Re6 27. Rxe6 fxe6 28. g4 Kd5 29. f3 b5 30. b3 e5 31. Bf2 e4 32. fxe4+ Kxe4 33. c4 Bb4+ 34. Ke2 bxc4 35. bxc4 g6 36. c5 Kd5 37. Kf3 Bxc5 38. Bxc5 Kxc5 39. Ke4 a5 40. h4 a4 41. Kd3 a3 42. Kc3 Kd5 43. Kd3 Ke5 44. Kc3 Kf4 45. Kb3 Kxg4 46. Kxa3 f5 47. Kb3 f4 48. a4 f3 0-1